<?xml version="1.0" encoding="UTF-8"?>
<record
    xmlns:xsi="http://www.w3.org/2001/XMLSchema-instance"
    xsi:schemaLocation="http://www.loc.gov/MARC21/slim http://www.loc.gov/standards/marcxml/schema/MARC21slim.xsd"
    xmlns="http://www.loc.gov/MARC21/slim">

  <leader>01511nam a2200313 i 4500</leader>
  <controlfield tag="001">xx005921833</controlfield>
  <controlfield tag="003">NUKAT</controlfield>
  <controlfield tag="005">20260422145825.0</controlfield>
  <controlfield tag="008">260422s1985    gw           |001 0 ger c</controlfield>
  <datafield tag="035" ind1=" " ind2=" ">
    <subfield code="a">(NUKAT)xx005921833</subfield>
  </datafield>
  <datafield tag="040" ind1=" " ind2=" ">
    <subfield code="a">OLSZT 008/bak</subfield>
    <subfield code="b">pol</subfield>
    <subfield code="e">rda</subfield>
    <subfield code="c">OLSZT 008/bak</subfield>
  </datafield>
  <datafield tag="100" ind1="1" ind2=" ">
    <subfield code="a">Quassowski, Hans-Wolfgang</subfield>
    <subfield code="d">(1890-1968).</subfield>
    <subfield code="e">Autor</subfield>
    <subfield code="9">30750</subfield>
  </datafield>
  <datafield tag="245" ind1="1" ind2="4">
    <subfield code="a">Die Kartei Quassowski.</subfield>
    <subfield code="n">Buchstaben I, J /</subfield>
    <subfield code="c">zusammengestellt von Paul Aberger und Marianne Legien ; Verein f&#xFC;r Familienforschung in Ost- und Westpreussen e. V.</subfield>
  </datafield>
  <datafield tag="260" ind1=" " ind2=" ">
    <subfield code="a">Hamburg :</subfield>
    <subfield code="b">im Selbstverlag des Vereins,</subfield>
    <subfield code="c">1985.</subfield>
  </datafield>
  <datafield tag="300" ind1=" " ind2=" ">
    <subfield code="a">[2], VIII, [2], 189 stron ;</subfield>
    <subfield code="c">21 cm.</subfield>
  </datafield>
  <datafield tag="336" ind1=" " ind2=" ">
    <subfield code="a">Tekst</subfield>
    <subfield code="b">txt</subfield>
    <subfield code="2">rdacontent</subfield>
  </datafield>
  <datafield tag="337" ind1=" " ind2=" ">
    <subfield code="a">Bez urz&#x105;dzenia po&#x15B;rednicz&#x105;cego</subfield>
    <subfield code="b">n</subfield>
    <subfield code="2">rdamedia</subfield>
  </datafield>
  <datafield tag="338" ind1=" " ind2=" ">
    <subfield code="a">Wolumin</subfield>
    <subfield code="b">nc</subfield>
    <subfield code="2">rdacarrier</subfield>
  </datafield>
  <datafield tag="490" ind1="1" ind2=" ">
    <subfield code="a">Quellen, Materialien und Sammlungen zur Altpreu&#xDF;ischen Familienforschung (QMS) ;</subfield>
    <subfield code="v">Nr. 1</subfield>
  </datafield>
  <datafield tag="504" ind1=" " ind2=" ">
    <subfield code="a">Bibliografia na stronach V-VIII. Indeks.</subfield>
  </datafield>
  <datafield tag="650" ind1=" " ind2="7">
    <subfield code="a">Nazwy osobowe</subfield>
    <subfield code="z">Prusy Wschodnie (prowincja)</subfield>
    <subfield code="v">spisy.</subfield>
    <subfield code="2">kaba</subfield>
    <subfield code="9">32429</subfield>
  </datafield>
  <datafield tag="650" ind1=" " ind2="7">
    <subfield code="a">Nazwy osobowe</subfield>
    <subfield code="z">Pomorze (region)</subfield>
    <subfield code="v">spisy.</subfield>
    <subfield code="2">kaba</subfield>
    <subfield code="9">32430</subfield>
  </datafield>
  <datafield tag="650" ind1=" " ind2="7">
    <subfield code="a">Nazwy osobowe</subfield>
    <subfield code="z">&#x15A;l&#x105;sk (region)</subfield>
    <subfield code="v">spisy.</subfield>
    <subfield code="2">kaba</subfield>
    <subfield code="9">32431</subfield>
  </datafield>
  <datafield tag="700" ind1="1" ind2=" ">
    <subfield code="a">Aberger, Paul.</subfield>
    <subfield code="e">Opracowanie</subfield>
    <subfield code="9">32432</subfield>
  </datafield>
  <datafield tag="700" ind1="1" ind2=" ">
    <subfield code="a">Legien, Marianne.</subfield>
    <subfield code="e">Opracowanie</subfield>
    <subfield code="9">40403</subfield>
  </datafield>
  <datafield tag="710" ind1="2" ind2=" ">
    <subfield code="a">Verein f&#xFC;r Familienforschung in Ost- und Westpreussen.</subfield>
    <subfield code="e">Instytucja sprawcza</subfield>
    <subfield code="e">Wydawca</subfield>
    <subfield code="4">pbl</subfield>
    <subfield code="9">431</subfield>
  </datafield>
  <datafield tag="830" ind1=" " ind2="0">
    <subfield code="a">Quellen, Materialien und Sammlungen zur Altpreu&#xDF;ischen Familienforschung</subfield>
    <subfield code="x">0942-0177</subfield>
    <subfield code="v">Nr. 1</subfield>
    <subfield code="9">15511</subfield>
  </datafield>
  <datafield tag="942" ind1=" " ind2=" ">
    <subfield code="2">ddc</subfield>
    <subfield code="c">BK_NM</subfield>
  </datafield>
  <datafield tag="999" ind1=" " ind2=" ">
    <subfield code="c">27722</subfield>
    <subfield code="d">27722</subfield>
  </datafield>
  <datafield tag="952" ind1=" " ind2=" ">
    <subfield code="0">0</subfield>
    <subfield code="1">0</subfield>
    <subfield code="2">ddc</subfield>
    <subfield code="4">0</subfield>
    <subfield code="7">0</subfield>
    <subfield code="8">K_mag</subfield>
    <subfield code="a">BIP</subfield>
    <subfield code="b">BIP</subfield>
    <subfield code="d">2026-04-16</subfield>
    <subfield code="e">K-7/2025 (prot.40)</subfield>
    <subfield code="f">K</subfield>
    <subfield code="i">73946</subfield>
    <subfield code="l">0</subfield>
    <subfield code="o">73946</subfield>
    <subfield code="p">IPWK24010</subfield>
    <subfield code="r">2026-04-22 14:59:43</subfield>
    <subfield code="v">35.00</subfield>
    <subfield code="w">2026-04-22</subfield>
    <subfield code="y">BK_NM</subfield>
  </datafield>
</record>
